000 00308 a2200121 4500
090 _c5610
_d5610
100 _aHamid Ali
245 _aThe federal emplyees benevolent fund and group insurance Act,1969 & 1972
250 _aRevised Ed
260 _aKarachi
300 _a64
942 _aNBS
_cBK
_k348.95491 ALI
999 _c348014
_d348014